000 00528nam a22001697a 4500
999 _c19397
_d19397
003 AR-CdUCM
008 190517b ||||| |||| 00| 0 spa d
040 _aMUNICIPALIDAD PROVINCIAL DEL CUSCO
_cBIBLIOTECA MUNICIPAL DEL CUSCO
082 _a370.985 /
_bP78
100 _aPortugal Catacora, José.
_91063
245 _aUna escuela por niveles de madurez en el Perú /
260 _aLima :
_bDugrafis,
_c1990.
300 _a248 páginas ;
_c21 cm.
650 _aEscuelas.
_98170
942 _2ddc
_cLIBROS
945 _arum
_d2019-05-17